Name 49 verbs that start with J - Statistics

General Stats
  • This quiz has been taken 72 times
  • The average score is 15 of 49
Answer Stats
Answer % Correct
jump
85%
jab
70%
jam
65%
jog
65%
join
61%
joke
57%
jet
52%
jig
50%
jazz
48%
jar
46%
jerk
43%
jive
43%
joust
43%
jingle
41%
jut
41%
jeer
37%
juggle
37%
junk
37%
jinx
35%
jaw
33%
jail
31%
jolt
31%
jot
31%
judge
31%
jilt
28%
juice
28%
jangle
26%
justify
26%
jiggle
24%
journey
22%
jimmy
20%
josh
19%
jostle
19%
Jaywalk
17%
jitter
17%
jibe
15%
joint
15%
jumble
13%
jabber
9%
jeopardize
9%
jockey
9%
journal
9%
judder
7%
joyride
6%
jettison
4%
jam-pack
0%
jetwash
0%
jumpstart
0%
juxtapose
0%
No matching quizzes found
Score Distribution
Percent of People with Each Score
Percentile by Number Answered
Your Score History
You have not taken this quiz